00655nam a2200205Ia 4500003000900000008004100009040001600050080001700066100002000083245010400103250001100207260003400218300001500252500002600267650001900293650002200312942000700334999001500341952009300356IN-BaIIA211028s9999 xx 000 0 eng d cIIA Library a530.145bDIR aDirac, P. A. M. 4aThe principles of quantum mechanicscP. A. M. Dirac  a3rd ed aOxfordbClarendon Pressc1947 axii, 311p. aDonated by Mrs. Bappu aNASA Thesaurus aQuantum mechanics cBK c7547d7547 00104070aBANbBANcGENd1983-07-18l0o530.145/ DIRp8360r2021-11-05w1983-07-18yBK